The secret garden / (Record no. 3417)

MARC details
000 -LEADER
fixed length control field 00729nam a22002177a 4500
001 - CONTROL NUMBER
control field 3417
003 - CONTROL NUMBER IDENTIFIER
control field FISKH
005 - DATE AND TIME OF LATEST TRANSACTION
control field 20240305152345.0
008 - FIXED-LENGTH DATA ELEMENTS--GENERAL INFORMATION
fixed length control field 240304b cb ||||| |||| 00| 0 eng d
040 ## - CATALOGING SOURCE
Original cataloging agency FISK
Language of cataloging eng
Transcribing agency FISK
Modifying agency FISK
100 ## - MAIN ENTRY--PERSONAL NAME
Personal name Burnett Hodgson Frances
Dates associated with a name 1849-1924
245 ## - TITLE STATEMENT
Title The secret garden /
Statement of responsibility, etc. Frances Hodgson Burnett
260 ## - PUBLICATION, DISTRIBUTION, ETC.
Place of publication, distribution, etc. New York :
Name of publisher, distributor, etc. Random House,
Date of publication, distribution, etc. 1993
300 ## - PHYSICAL DESCRIPTION
Extent 111 pages :
Other physical details illustrations,
Dimensions 20 cm
505 ## - FORMATTED CONTENTS NOTE
Formatted contents note M
520 ## - SUMMARY, ETC.
Summary, etc. Ten-year-old Mary comes to live in a lonely house on the Yorkshire moors and discovers an invalid cousin and the mysteries of a locked garden.
521 8# - TARGET AUDIENCE NOTE
Target audience note 580
Source Lexile
700 ## - ADDED ENTRY--PERSONAL NAME
Personal name Frances Hodgson Burnett
942 ## - ADDED ENTRY ELEMENTS (KOHA)
Source of classification or shelving scheme Dewey Decimal Classification
Koha item type Books
Suppress in OPAC No
Holdings
Withdrawn status Lost status Source of classification or shelving scheme Damaged status Not for loan Collection Home library Current library Shelving location Date acquired Total Checkouts Full call number Barcode Date last seen Copy number Price effective from Koha item type
    Dewey Decimal Classification     Fiction Footprints International School Library Network Toul Kork Campus Footprints International School Library Network Toul Kork Campus   03/04/2024   HOD PZ7.B934 813.4 2024-0179 03/04/2024 1 03/04/2024 Books